| 000 | 01366nam a2200361 a 4500 | ||
|---|---|---|---|
| 001 | vtls000512851 | ||
| 003 | NLI | ||
| 005 | 20210603134127.0 | ||
| 008 | 110307s1997 ii g 000 0|asm d | ||
| 020 | _cRs.60.00 | ||
| 039 | 9 |
_a201809141628 _bdeijeek _c201809141621 _ddeijeek _c201103071741 _dassam1 _y201103071739 _zassam1 |
|
| 040 |
_aNLI _casm |
||
| 041 | 0 | _aasm | |
| 082 | 0 | 4 |
_a891.45109 _222 |
| 100 | 1 |
_6880-01 _aবৰুৱা, ভবেন _9531 |
|
| 245 | 1 | 0 |
_6880-02 _aপ্ৰসংগঃ বাণীকান্ত / _cভবেন বৰুৱা |
| 260 |
_aগুৱাহাটী: _bচন্দ্ৰ প্ৰকাশ, _c1997 |
||
| 300 |
_a200 p. ; _c22 cm. |
||
| 500 | _aLibrary has two copies. | ||
| 650 | 0 |
_aAssamese literature _xHistory and criticism _9276646 |
|
| 880 | 1 |
_6100-01/(B _aBaruvā, Bhaben |
|
| 880 | 1 | 0 |
_6245-02/(B _aPrasaṅga : Bāṇīkānta / _cBhaben Baruvā |
| 887 | _aSadhana | ||
| 901 |
_aA 11376: _b22.4.2002 |
||
| 901 |
_aA 10470: _b21.06.2000 (c.2) |
||
| 902 | _aA 891.45109 K 1742 p | ||
| 904 | _aSadhana | ||
| 904 | _aDeijee Kalita | ||
| 942 |
_2ddc _cBKS |
||
| 949 |
_AVIRTUAITEM _D10015 _F2 _X100 _6DBA000010470ASM |
||
| 949 |
_AVIRTUAITEM _D10015 _X100 _6DBA000011376ASM _e11376 |
||
| 999 |
_aVIRTUA _c431925 _d431925 |
||
| 999 | _aVTLSSORT0080*0200*0400*0410*0820*1000*2450*2600*3000*5000*6500*8800*8801*9010*9011*9020*9040*9041*9992 | ||